Design faults (Record no. 77005)

MARC details
000 -LEADER
fixed length control field 00904cab a2200181 4500
001 - CONTROL NUMBER
control field ##L133438
008 - FIXED-LENGTH DATA ELEMENTS--GENERAL INFORMATION
fixed length control field 060508n2006 000 0 eng u
035 ## - SYSTEM CONTROL NUMBER
System control number (Sirsi) u133438
041 0# - LANGUAGE CODE
Language code of text/sound track or separate title eng
100 1# - MAIN ENTRY--PERSONAL NAME
Personal name Gardiner, Joey
245 00 - TITLE STATEMENT
Title Design faults
260 ## - PUBLICATION, DISTRIBUTION, ETC.
Date of publication, distribution, etc. 2006
490 #0 - SERIES STATEMENT
Series statement Regeneration and Renewal
Volume/sequential designation 28 April 2006, 19-23(3)
520 ## - SUMMARY, ETC.
Summary, etc. Whilst high-quality design has been identified as a key factor in improving the environment, the design quality of many new public sector buildings has been extremely poor. Much of the blame for this can be attributed to lengthy and complex design competitions, too many of which go ahead before the commissioning body really knows what it wants. Outlines the steps that can be taken to avoid or minimise these problems.
590 ## - LOCAL NOTE (RLIN)
Local note IKA090506
690 ## - LOCAL SUBJECT ADDED ENTRY--TOPICAL TERM (OCLC, RLIN)
Topical term or geographic name as entry element BUILT ENVIRONMENT-CONSTRUCTION MANAGEMENT-CONSTRUCTION DESIGN AND MANAGEMENT
942 ## - ADDED ENTRY ELEMENTS (KOHA)
Suppress in OPAC 0
Holdings
Withdrawn status Lost status Source of classification or shelving scheme Damaged status Not for loan Home library Current library Shelving location Date acquired Total Checkouts Full call number Barcode Date last seen Copy number Price effective from Koha item type
    Dewey Decimal Classification     London London Journal article 08/05/2006   L133438 133438-1001 06/08/2019 1 06/08/2019 Journal article